000 00281nam a2200121Ia 4500
008 190216s9999||||xx |||||||||||||| ||und||
100 _aByrd J L
245 0 _aKing Arthur And His Knights
260 _bE J Arnold & Son Ltd
_c1988
300 _a96p
650 _aNovel
942 _cBK
999 _c11932
_d11932